000 00491nam a2200181 a 4500
005 20240430063806.0
008 010924s1999 r 000 0 eng d
020 _a9684114451
035 _aUPN01000111898
049 _aCG
050 4 _aPQ8180.2 A7.3
_bC3.7
100 1 _aJaramillo Agudelo, Darío,
_d1947-
_940987
245 1 0 _aCartas cruzadas /
_cDario Jaramillo Agudelo.
260 _aMéxico :
_bEra,
_c1999.
300 _a557 p.
650 0 _aNovela colombiana
_95359
905 _aLibro
999 _c85806
_d85806